Computer Tools - Statistics

General Stats
  • This quiz has been taken 6 times
  • The average score is 2 of 6
Answer Stats
Hint Answer % Correct
Tests Electrical Properties Multimeter
60%
Tests Network Cables Cable Tester
40%
For Finding the Terminating End of a Wire Tone Generator
40%
Tests PC Power Supplies Power Supply Tester
20%
Determines the Characteristics of Electrical Lines Time Domain Reflectometer
20%
Tests Network Communications Loopback Plug
0%
No matching quizzes found
Score Distribution
Percent of People with Each Score
Percentile by Number Answered
Your Score History
You have not taken this quiz